01147 2200265 4500001002100000005001500021035002000036020002200056082001100078084002000089100002700109245012200136250002600258300003100284650002100315700002700336520032700363264004400690336002100734337003000755338002300785008004100808990001600849990001600865INLIS00000000116573520250908111405 a0010-0925000037 a978-623-5269-42-9 a2X6.12 aSR 2X6.12 YUN u0 aYunda Fitrianepenulis1 aUjian cinta dalam rumah tangga :bkarena pernikahan adalah ibadah terpanjang /cYunda Fitrian; penyunting, Esti Utami aCetakan pertama, 2024 aviii, 232 halaman ;c20 cm 4aKeluarga (Islam)0 aEsti Utamiepenyunting aPernikahan merupakan ikatan lahir batin antara pria dan wanita untuk berkomitmen serius menjalin hubungan yang halal. Buku Ujian Cinta dalam Rumah Tangga mengajak kita mengenal lebih dekat konflik rumah tangga lewat teori psikologi, pengalaman pribadi, dan berbagai kisah nyata penuh hikmah dari para pejuang rumah tangga. aSemarang :bSyalmahat Publishing,c2024 2rdacontentaTeks 2rdamediaaTanpa perantara 2rdacarrieraVolume250908 g | ind  a56083.66903 a56083.66903